| 000 | 00000nam 2200000zi 4500 |
| 001 | 9.945723 |
| 003 | CaOODSP |
| 005 | 20241128123509 |
| 006 | m o d f |
| 007 | cr |n |||||||| |
| 008 | 241128t19951995onc ob f000 0|fre d |
| 020 | |z0662618750 |
| 040 | |aCaOODSP|bfre|erda|cCaOODSP |
| 041 | |afre|aeng |
| 043 | |an-cn--- |
| 086 | 1 |aSN3-303/1995-PDF|zSN3-303/1995 |
| 100 | 1 |aBell, Sandra M., |eauteur. |
| 245 | 10|aVictory bonding : |bwartime messages from Canada's government 1939-1945: a bibliography = Victoire oblige : les messages du gouvernement canadien pendant la guerre 1939-1945 : une bibliographie / |cSandra M. Bell. |
| 246 | 11|aVictoire oblige : |bles messages du gouvernement canadien pendant la guerre 1939-1945 : une bibliographie |
| 264 | 1|aOttawa : |bBibliothèque nationale du Canada, Archives nationales du Canada = National Library of Canada, National Archives of Canada, |c1995 |
| 264 | 4|c©1995 |
| 300 | |a1 ressource en ligne (15 pages) |
| 336 | |atexte|btxt|2rdacontent/fre |
| 337 | |ainformatique|bc|2rdamedia/fre |
| 338 | |aressource en ligne|bcr|2rdacarrier/fre |
| 500 | |aÉdition numérisée de l'imprimée [par Direction des publications du Gouvernement du Canada]. |
| 546 | |aTexte en français et en anglais. |
| 650 | 6|aGuerre mondiale, 1939-1945|zCanada|vBibliographie. |
| 651 | 6|aCanada|xPolitique et gouvernement|y1935-1948|vBibliographie. |
| 651 | 6|aCanada|xHistoire|y1939-1945|vBibliographie. |
| 655 | 7|aBibliographies|2rvmgf |
| 710 | 2 |aBibliothèque nationale du Canada, |eorganisme de publication. |
| 710 | 2 |aArchives nationales du Canada, |eorganisme de publication. |
| 791 | |tVictory bonding : |eeng|w(CaOODSP)9.945721 |
| 856 | 40|qPDF|s1.62 Mo|uhttps://publications.gc.ca/collections/collection_2024/bac-lac/SN3-303-1995.pdf |